000 00638nam a2200229Ia 4500
003 OSt
005 20221007064522.0
006 a|||||r|||| 00| 0
007 ta
008 221006b |||||||| |||| 00| 0 eng d
024 _a25,875
037 _cTextual
040 _aFLL
_cFLL
_beng
041 _2eng
_aeng
082 _aZ2CD3:A21:3qN4, H4
100 _aAggarwala Om Prakash
245 0 _aNew Delhi house rent control order, 1939
260 _aDelhi
_bFederal Law Depot India
_c1944
300 _a1-34p
_ccm.
942 _hZ2CD3:A21:3qN4, H4
_cTEXL
_2CC
999 _c1134328
_d1134328